000
00265nmm a2200097Ia 4500
008
220120s9999||||xx |||||||||||||||||und||
020
_a
81-318-0080-6
100
_a
LFY June 2010
245
0
_a
Ubuntu 10.04 lueid linux ubuntu netbook edition
260
_a
EFY
_b
Bangalore
999
_c
139490
_d
139490